Underclass Hero - Sum 41 - Statistics

General Stats
  • This quiz has been taken 8 times
  • The average score is 8 of 14
Answer Stats
Hint Answer % Correct
1 Underclass Hero
100%
4 Dear Father
71%
2 Walking Disaster
71%
12 Best of Me
57%
6 Ma Poubelle
57%
14 So Long Goodbye
57%
3 Speak of the Devil
57%
8 The Jester
57%
5 Count Your Last Blessings
43%
11 King of Contradiction
43%
7 March of the Dogs
43%
9 With Me
43%
13 Confusion and Frustration in Modern Times
29%
10 Pull the Curtain
29%
No matching quizzes found
Score Distribution
Percent of People with Each Score
Percentile by Number Answered
Your Score History
You have not taken this quiz